000 01125nam a22002657a 4500
005 20240305165455.0
007 cr|||| ||||
008 171008s2014 mx |||||s||||f00||0 spa d
020 _a978-84-16142-64-4
035 _a20717
040 _avLex
090 _c7092
_d7092
100 1 _aSilva Herzog, Jesús
245 1 2 _aLa epopeya del petróleo en México
_h[Recurso electrónico] /
_cJesús Silva Herzog
256 _aServicio en línea
260 _aCiudad de México:
_bCámara de Diputados,
_c2014
300 _a1 recurso electrónico
506 1 _aDisponible solo en los productos indicados
_dvLex Global
_dvLex Global (Academic Edition, excluding Law Schools)
_dvLex Global (U.S. Academic Edition, Law Schools)
_dvLex Global (U.S. Academic Edition, excluding Law Schools)
_dvLex Global (Academic Edition, Law Schools)
650 0 4 _aDerecho Civil
_zMéxico
650 0 4 _aDerecho Mercantil y de la Empresa
_zMéxico
650 0 4 _aDerecho Constitucional
_zMéxico
740 0 _avLex Libros (Servicio en línea)
856 4 0 _uhttps://app.vlex.com/#/sources/epopeya-del-petroleo-en-mexico-20717
942 _cRAA
999 _c165338
_d165338